[Event "3rd GRENKE Chess Open 2018"]
[Site "Karlsruhe"]
[Date "2018.04.02"]
[Round "8"]
[White "Musat, Adrian"]
[Black "Lampert, Jonas"]
[Result "0-1"]
[WhiteElo "2388"]
[BlackElo "2532"]
[Annotator "TA"]
[PlyCount "76"]
[EventDate "2018.??.??"]
[EventType "swiss"]
[EventCountry "GER"]
[SourceTitle "playchess.com"]
[Source "ChessBase"]
[SourceQuality "1"]

{[%evp 16,76,-4,-8,0,0,4,5,4,-3,-4,-10,0,-28,0,-2,-2,-32,-32,-33,-33,-33,-32,-40,-35,-36,-42,-43,-12,-12,-8,-8,-9,-19,0,-18,0,-23,10,0,27,31,19,0,0,-70,18,7,10,0,7,0,0,-35,-40,-81,-58,-420,-415,-421,-416,-619,-607]} 1. Nf3 d5 2. d4 Bf5 3. c4 e6 4. Nc3 Nf6 5. g3 Be7 6. Bg2 O-O 7. O-O c6 8. Nd2 Nbd7 {D11: Slav Defence: 3 Nf3 sidelines and 3...Nf6 4 e3 Bg4} 9. b3 {LiveBook: 4 Games} (9. e4 dxe4 10. Ndxe4 Nxe4 11. Nxe4 Nf6 12. Nc3 Qb6 13. Na4 Qa6 14. b3 Rad8 15. Be3 b5 16. cxb5 cxb5 {0-1 (72) Sarana,A (2433)-Alekseenko,K (2554) Moscow 2016}) 9... Qa5 10. Bb2 b5 {The position is equal.} 11. c5 $146 ({Predecessor:} 11. e4 b4 12. Nxd5 cxd5 13. exf5 exf5 14. cxd5 Nxd5 15. Nc4 Qb5 16. Qf3 {½-½ (27) Nikolaenko,A (2130)-Klichev,M (2355) Moscow 1997}) 11... Qc7 12. b4 a5 13. a3 $1 Rfe8 14. Nf3 Ne4 15. Nxe4 Bxe4 16. a4 bxa4 17. Qxa4 {[%cal Rb4a5]} Qb7 18. Bc3 axb4 19. Qxb4 Qxb4 20. Bxb4 Bf6 21. e3 Rxa1 22. Rxa1 Rb8 23. Ra4 Bc2 24. Ra2 Bd3 25. Ra4 Bc2 26. Ra2 Bd1 27. Be1 Kf8 28. Nd2 e5 29. Ra1 {[#] Threatens to win with dxe5.} Bg4 30. h3 ({White should play} 30. e4 $1 $11) 30... Be2 (30... exd4 $15 31. hxg4 dxe3) 31. Ra7 Ke8 32. Bf3 Bd3 33. Bg4 $36 {[%mdl 2048] White fights for an advantage.} Nf8 34. Nf3 exd4 35. exd4 g6 {White must now prevent ...h5.} 36. Ne5 $2 {[%mdl 8192]} (36. Ba5 $15 h5 37. Ne1) 36... Bxe5 $1 $19 37. dxe5 {[#]} h5 $1 38. Bf3 (38. Bd1 $142 Rb1 39. Ba4 Rxe1+ 40. Kg2) 38... Rb1 {Precision: White = 24%, Black = 48%.} 0-1

[Event "3rd GRENKE Chess Open 2018"]
[Site "Karlsruhe"]
[Date "2018.04.02"]
[Round "8"]
[White "Pfreundt, Jakob"]
[Black "Heberla, Bartlomiej"]
[Result "0-1"]
[WhiteElo "2385"]
[BlackElo "2570"]
[Annotator "TA"]
[PlyCount "92"]
[EventDate "2018.??.??"]
[EventType "swiss"]
[EventCountry "GER"]
[SourceTitle "playchess.com"]
[Source "ChessBase"]
[SourceQuality "1"]

{[%evp 18,91,76,50,104,89,82,91,100,68,90,68,79,57,50,66,67,55,57,54,47,45,45,50,52,26,52,48,60,51,86,61,69,61,48,30,36,-28,-28,-28,-28,-31,-28,-39,-31,-65,-68,-46,-51,-51,-57,-404,-402,-350,-351,-372,-352,-410,-421,-414,-399,-391,-394,-358,-283,-266,-268,-272,-246,-517,-493,-29986,-29987,-29982,-29984,-29999]} 1. d4 Nf6 2. Nf3 c5 3. d5 d6 4. Nc3 e5 5. e4 Be7 6. Bb5+ Nbd7 {A44: Semi-Benoni} 7. a4 O-O 8. O-O Ne8 9. a5 (9. Bd3 g6 10. Nd2 Ng7 11. Nc4 Nf6 12. a5 Nfh5 13. Rb1 Nf4 14. b4 cxb4 15. Rxb4 {0-1 (51) Krush,I (2458)-Huang,Q (2450) Huaian 2016}) 9... a6 10. Be2 {LiveBook: 6 Games} g6 (10... b5 $14) 11. Nd2 f5 $146 ({Predecessor:} 11... Ng7 12. Nc4 f5 13. f4 exf4 14. Bxf4 {0-1 (44) Gassmann,V (2278)-Franke,J (2327) Germany 2011}) 12. Nc4 f4 13. Bg4 Ng7 14. f3 h5 15. Bxd7 Bxd7 16. Nb6 Rb8 17. Nxd7 Qxd7 18. Qe2 Ne8 19. Bd2 Nc7 20. Na4 Nb5 21. Nb6 Qe8 22. b4 cxb4 23. Bxb4 g5 24. Kh1 Rf7 25. c3 Rg7 26. Rad1 Qg6 27. Rd3 ({White should play} 27. c4 $14 Nd4 28. Qd2) 27... Kh8 $11 28. Rfd1 g4 29. Nc4 Rbg8 30. Rg1 Bd8 31. Nd2 b6 32. Nc4 bxa5 33. Bxa5 Bc7 34. Bb6 $2 {[%mdl 8192] [#]} (34. Bb4 $15) 34... Na3 $1 $19 {[%mdl 512]} 35. Nxe5 (35. Nxa3 Bxb6) 35... dxe5 36. Bxc7 Rxc7 37. d6 Rd7 38. Rd5 gxf3 39. Qxf3 Nc4 40. Qe2 Ne3 (40... Nxd6 41. Rxe5 Re8 42. Rxh5+ Rh7 43. Rxh7+ Kxh7 44. Ra1 $19) ({Not} 40... Rxd6 41. Qxc4 Rxd5 42. exd5 $11) 41. Rxe5 Ng4 ({Don't do} 41... Qxd6 42. Rxh5+ Rh7 43. Qf3 $19) 42. Rf5 Re8 ({But not} 42... Qxd6 43. c4 $17) (42... Rxd6 43. h3 $19) 43. Qf3 $2 {[#]} (43. Rxf4 {only move.} Rxe4 44. Rxe4 Qxe4 45. Qe1) 43... Rxe4 $1 {[%mdl 512]} 44. Rxf4 (44. Rd5 $19 Rxd6 45. Rxd6 Qxd6 46. h3) (44. Qxe4 Nf2#) 44... Rxf4 {Black mates.} 45. Qxf4 Qxd6 46. Qxd6 Nf2# {Precision: White = 41%, Black = 69%.} 0-1

[Event "3rd GRENKE Chess Open 2018"]
[Site "Karlsruhe"]
[Date "2018.04.02"]
[Round "8"]
[White "Sinz, Bernhard"]
[Black "Malakhatko, Vadim"]
[Result "0-1"]
[WhiteElo "2383"]
[BlackElo "2536"]
[Annotator "TA"]
[PlyCount "86"]
[EventDate "2018.??.??"]
[EventType "swiss"]
[EventCountry "GER"]
[SourceTitle "playchess.com"]
[Source "ChessBase"]
[SourceQuality "1"]

{[%evp 15,86,50,54,42,53,28,29,29,33,31,26,-3,0,-41,-28,-53,-47,-72,-34,-45,-24,-27,-25,-31,0,-43,-60,-107,-37,-81,-75,-101,17,-53,-53,-56,-54,-52,-54,-61,-47,-57,-44,-74,-37,-84,-81,-100,-92,-92,-92,-92,-92,-132,-94,-465,-177,-386,-335,-320,-92,-92,-92,-92,-85,-104,-104,-916,-894,-1455,-47,-1404,-1345]} 1. e4 e6 2. d4 d5 3. Nc3 Bb4 4. e5 b6 5. a3 Bxc3+ 6. bxc3 Qd7 7. Qg4 f5 8. Qg3 Nc6 {[%cal Bb8c6,Bc6a5,Ba5c4][%mdl 32] LiveBook: 15 Games. C16: French: 3 Nc3 Bb4 4 e5: Lines without ...c5} 9. Bb5 (9. Bd3 Bb7 10. Ne2 O-O-O 11. a4 Na5 12. Ba3 Nc4 13. Bxc4 dxc4 14. a5 Nh6 15. Nf4 Rhg8 16. h4 {0-1 (35) Grischuk,A (2782)-Caruana,F (2799) Saint Louis 2017}) 9... Bb7 10. Ne2 O-O-O {White has an edge.} 11. O-O $146 ({Find the theoretical novelty and annotate with similar games:} 11. h4 a6 12. Bd3 Qf7 13. Bg5 Nge7 14. h5 h6 15. Bd2 Rdg8 16. Nf4 {1-0 (31) Vrenegoor,T (2310)-Huibers,P Netherlands 1996}) 11... Qf7 12. a4 Na5 13. Bd3 Ne7 14. f4 h6 15. Ba3 Nec6 16. Nc1 Rdg8 17. Bb4 Nc4 18. a5 $1 g5 {[%cal Rc6a5]} 19. axb6 cxb6 20. Rf2 Qd7 21. Bf1 gxf4 (21... a5 $1 $17 {[%cal Ra5b4]} 22. Ba3 Na7) 22. Qh3 a5 ({Much weaker is} 22... Nxb4 $6 23. cxb4 Bc6 24. Nd3 $11) 23. Ba3 Na7 (23... Nd8 $1 $17 {Hoping for ...Nf7.} 24. Nd3 Nf7 25. Nxf4 Ng5) 24. Nb3 (24. Ne2 $11) 24... Ne3 $15 25. Bc1 Nxf1 26. Rxf1 Ba6 27. Rxf4 h5 {[%cal Bh6h5,Bh5h4][%mdl 32]} 28. Rf2 Rg4 29. Bf4 h4 30. Nd2 Qc6 31. Qf3 Kb7 32. h3 Rg7 33. Nb1 Nb5 34. Kh2 Ka7 35. Rf1 $2 {[%mdl 8192] [#]} (35. Kh1 $17 {is a better chance.}) 35... Rc8 $2 (35... Nxd4 $1 {[%mdl 512]} 36. cxd4 Bxf1 37. Qxf1 Rhg8) 36. Bd2 $2 (36. Rc1 {was necessary.}) 36... Rg3 37. Qf4 {[#]} Rcg8 $2 ({Weaker is} 37... Nxc3 38. Nxc3 Bxf1 39. Rxf1 $17) (37... Nxd4 $1 $19 {[%mdl 512] is more deadly.} 38. cxd4 Bxf1 39. Qxf1 Rcg8) 38. Rg1 $17 Qc4 $36 {[%mdl 2048] Keeping White busy.} 39. Qf2 Qc7 40. Be1 Qg7 {Strongly threatening ...f4!} 41. Qd2 $2 {[%mdl 8192] [#]} (41. Bd2 $17) 41... f4 $1 $19 {[%cal Bf5f4,Bf4f3][%mdl 544]} 42. Bxg3 (42. Qxf4 Rxg2+) 42... Qxg3+ 43. Kh1 f3 {Precision: White = 30%, Black = 53%.} 0-1

[Event "3rd GRENKE Chess Open 2018"]
[Site "Karlsruhe"]
[Date "2018.04.02"]
[Round "8"]
[White "Kerigan, Demre"]
[Black "Valsecchi, Alessio"]
[Result "0-1"]
[WhiteElo "2367"]
[BlackElo "2510"]
[Annotator "TA"]
[PlyCount "82"]
[EventDate "2018.??.??"]
[EventType "swiss"]
[EventCountry "GER"]
[SourceTitle "playchess.com"]
[Source "ChessBase"]
[SourceQuality "1"]

{[%evp 13,82,36,162,-14,-15,-21,0,-35,-6,0,0,-45,-44,-41,-33,-33,-39,-24,0,-158,-162,-147,-85,-96,-94,-109,-107,-110,-96,-83,-143,-133,-58,-49,-56,-183,-183,-189,-190,-191,-186,-195,-131,-189,-181,-429,-286,-708,-700,-686,-598,-570,-552,-829,-829,-29983,63,-29984,-29985,-29985,-29986,-29986,-29987,-29987,-29988,-29988,-29989,-29989,-29990,-29990,-29991]} 1. e4 e6 2. d4 d5 3. Nc3 Nf6 4. Bg5 Be7 5. e5 Nfd7 6. h4 a6 7. Qg4 f5 {LiveBook: 10 Games} (7... h5 $14 8. Qg3 Bxg5 9. hxg5 c5) 8. exf6 $2 {C14: French: Classical System: 4 Bg5 Be7 main line} (8. Qh5+ $18 g6 9. Qh6) 8... Nxf6 $11 9. Qe2 c5 (9... O-O 10. Nf3 Nc6 {½-½ (10) Hong,A (2327)-Young,A (2273) Charlotte 2018}) 10. Nf3 {The position is equal.} Nc6 11. dxc5 h6 $146 ({Predecessor:} 11... Qa5 12. Bd2 Qxc5 {½-½ (12) Richters,A (1926)-Ter Horst,C (1841) Muensterland 2005}) 12. Bf4 Bxc5 13. O-O-O O-O 14. g3 Qa5 15. Ne5 Bb4 16. Nb1 $2 (16. Rd3 $1 $11) 16... Qxa2 $17 17. Bh3 {intending Bxe6+!} Nxe5 ({Better is} 17... Na5 18. Nd3 Qc4) 18. Qxe5 Rf7 19. Bxe6 Bxe6 20. Qxe6 Bc5 21. f3 Re8 22. Qf5 Qa5 ({Black should play} 22... Rfe7 $1 $17 23. g4 a5) 23. Bd2 $15 Qc7 24. g4 (24. Qg6 $15) 24... Ne4 $1 $19 {[%cal Re4g3]} 25. Qxd5 {[#]} Nf2 $1 26. g5 Rd8 $40 {[%mdl 128] Black has strong attack.} (26... Nxd1 27. g6 $15) 27. Qa2 {Threatens to win with g6.} Bd4 ({Not} 27... Nxd1 28. g6 $15) (27... Kh7 $19 28. gxh6 Nxh1 29. Rxh1 Rxf3) 28. Nc3 (28. Ba5 $17 b6 29. g6 Be3+ 30. Nd2 bxa5 31. gxf7+ Qxf7 32. Qxf7+ Kxf7 33. Rh2) 28... Bxc3 ({Stronger than} 28... Nxh1 29. g6 $15) 29. bxc3 $2 (29. Bxc3 Nxd1 30. g6 Qf4+ 31. Kb1 Nxc3+ 32. bxc3) 29... Qd6 ({Weaker is} 29... Nxh1 30. g6 $17) 30. gxh6 $2 (30. Rhe1 Nxd1 31. Rxd1) 30... Nxh1 31. h7+ Kxh7 32. Qxf7 Nf2 33. Qh5+ Kg8 34. Qg5 Qa3+ 35. Kb1 Rd6 {Black mates.} 36. Qe3 Nxd1 {[%csl Gd1][%cal Ra3b2]} 37. Qe8+ Kh7 {[%csl Gd1][%cal Ra3b2]} 38. Qh5+ {[#]} Rh6 $1 {[%csl Gd1][%cal Ra3b2]} 39. Qf5+ (39. Bxh6 Nxc3#) 39... Rg6 {[%csl Gd1][%cal Ra3b2]} 40. Qh5+ {[#]} Kg8 $1 {[%csl Gd1][%cal Ra3b2]} 41. Qd5+ Kh8 {Precision: White = 44%, Black = 70%.} 0-1

[Event "3rd GRENKE Chess Open 2018"]
[Site "Karlsruhe"]
[Date "2018.04.02"]
[Round "8"]
[White "Farago, Ivan"]
[Black "Schneider, Ilja"]
[Result "1/2-1/2"]
[WhiteElo "2366"]
[BlackElo "2513"]
[Annotator "TA"]
[PlyCount "35"]
[EventDate "2018.??.??"]
[EventType "swiss"]
[EventCountry "GER"]
[SourceTitle "playchess.com"]
[Source "ChessBase"]
[SourceQuality "1"]

{[%evp 9,35,0,27,15,29,25,14,27,33,22,33,35,18,10,25,-6,28,0,7,0,26,13,14,18,61,54,55,69]} 1. d4 d5 2. c4 c6 3. cxd5 cxd5 4. Bg5 Nc6 (4... h6 5. Bh4 Qb6 6. Nc3 e5 7. Nf3 Nc6 8. e3 exd4 9. Nxd4 Qxb2 10. Nxd5 Bb4+ 11. Nxb4 Qc3+ {0-1 (20) Mamedyarov,S (2809)-Andreikin,D (2712) Moscow 2018}) 5. Nc3 Bf5 6. e4 {D10: Slav Defence: 3 cxd5 (without early Nf3) and 3 Nc3} dxe4 7. d5 Ne5 8. Qa4+ {The position is equal.} Nd7 9. Nge2 g6 $146 ({Predecessor:} 9... Ngf6 10. Ng3 Bg6 11. Be2 a6 {0-1 (55) Papunidi,M (2036)-Suleymanli,A (2353) Moscow 2017}) 10. Ng3 Bg7 11. Ngxe4 h6 12. Bh4 Qb6 13. Bb5 {[#] And now d6! would win.} a6 {Strongly threatening ...Rc8.} 14. O-O Rc8 15. Be2 g5 16. Bg3 Qd4 17. Qxd4 Bxd4 18. Rad1 {Precision: White = 64%, Black = 50%.} 1/2-1/2

[Event "3rd GRENKE Chess Open 2018"]
[Site "Karlsruhe"]
[Date "2018.04.02"]
[Round "8"]
[White "Baskin, Robert"]
[Black "Kuipers, Stefan"]
[Result "1/2-1/2"]
[WhiteElo "2339"]
[BlackElo "2476"]
[Annotator "TA"]
[PlyCount "65"]
[EventDate "2018.??.??"]
[EventType "swiss"]
[EventCountry "GER"]
[SourceTitle "playchess.com"]
[Source "ChessBase"]
[SourceQuality "1"]

{[%evp 17,65,44,42,38,41,41,52,36,41,43,51,49,50,50,50,50,52,56,50,50,46,43,70,66,61,69,70,4,4,4,4,4,4,4,4,4,4,4,4,5,28,0,0,0,18,0,85,75,85,93]} 1. c4 c6 2. Nf3 Nf6 3. d4 d5 4. Nc3 e6 5. g3 Nbd7 6. Bg2 Be7 7. O-O O-O 8. b3 Qa5 9. Bd2 Qc7 10. Bf4 {E07: Closed Catalan: Main Line (5 Nf3 0-0 6 0-0 Nbd7)} Bd6 11. Bxd6 Qxd6 12. Qd3 {White is slightly better.} b6 13. e4 dxe4 14. Nxe4 Nxe4 $146 ({Find the theoretical novelty and annotate with similar games:} 14... Qc7 15. Rac1 {0-1 (42) Krueger,R (2208)-Goetz,A (2147) Germany 2010}) 15. Qxe4 Bb7 16. Rfd1 Rfd8 17. Rac1 Qa3 18. Qc2 h6 19. c5 bxc5 20. dxc5 Nxc5 21. Ne5 $1 Na6 22. Rxd8+ (22. Bxc6 $14 Bxc6 23. Qxc6 (23. Nxc6 Rxd1+ 24. Rxd1 Nc7 $11)) 22... Rxd8 $11 23. Rd1 ({Don't blunder} 23. Nxc6 $2 Rc8 $19) 23... Qa5 $132 {[%mdl 2048] [#] And now ...Rxd1+ would win. Black has counterplay} 24. Rxd8+ ({Don't go for} 24. Bxc6 $2 Nb4 $19) 24... Qxd8 25. Nxc6 Bxc6 26. Qxc6 Nb4 27. Qa4 $1 {[%cal Ra4b4]} a5 28. a3 Nd3 29. b4 axb4 30. axb4 g6 31. b5 Qb6 (31... Nxf2 $1 $11 32. Kxf2 Qd2+ 33. Kf1 Qd3+ 34. Ke1 (34. Kf2 Qd2+ 35. Kf3 Qd3+ 36. Kf4 Qd2+ 37. Kf3 Qd3+ 38. Kf4 Qd2+ 39. Ke5 Qxg2 $11) 34... Qe3+ 35. Kf1 Qd3+ 36. Kf2 Qd2+ 37. Kf3 Qd3+ 38. Kf2 Qd2+) 32. Qc2 $16 Nxf2 33. Qxf2 {Precision: White = 67%, Black = 58%.} 1/2-1/2

[Event "3rd GRENKE Chess Open 2018"]
[Site "Karlsruhe"]
[Date "2018.04.02"]
[Round "8"]
[White "Hess, Max"]
[Black "Hirneise, Tobias"]
[Result "1/2-1/2"]
[WhiteElo "2324"]
[BlackElo "2463"]
[Annotator "TA"]
[PlyCount "79"]
[EventDate "2018.??.??"]
[EventType "swiss"]
[EventCountry "GER"]
[SourceTitle "playchess.com"]
[Source "ChessBase"]
[SourceQuality "1"]

{[%evp 18,79,17,25,20,19,15,12,22,0,0,0,0,0,0,0,0,-10,-10,-10,-10,-10,-10,-32,-37,-46,0,-30,-25,-24,0,0,7,7,7,7,7,13,13,0,6,4,7,0,0,0,9,0,0,0,7,0,15,4,14,8,19,5,10,0,14,0,22,0]} 1. d4 d5 2. c4 c6 3. cxd5 cxd5 4. Nf3 Nc6 5. Nc3 Nf6 6. Bf4 Ne4 7. e3 Nxc3 8. bxc3 e6 9. Bd3 Bd6 {D13: Slav Defence: Exchange variation without ...Bf5} 10. O-O {LiveBook: 6 Games} (10. Bxd6 Qxd6 11. O-O O-O 12. Rc1 e5 13. dxe5 Nxe5 14. Be2 Rd8 15. Nxe5 Qxe5 16. Qb3 b6 17. c4 {½-½ (31) Wang,Y (2718)-Mamedyarov,S (2743) Tromsoe 2014}) 10... O-O 11. Re1 b6 12. Rc1 h6 13. Bb1 $146 ({Predecessor:} 13. Qe2 Ba3 14. Rc2 Bd7 15. e4 Ne7 16. Qe3 f5 17. exf5 Nxf5 {0-1 (53) Akobian,V (2640)-Brunello,S (2552) Las Vegas 2014}) 13... Bb7 14. Qd3 {[%csl Gb1][%cal Rd3h7] [#]} f5 15. Bc2 Rc8 16. Ba4 Na5 17. Ne5 Bxe5 18. Bxe5 Nc4 19. Bg3 Qe7 20. Bc2 Qa3 21. Bb1 Qb2 22. Qc2 (22. Qd1 {feels hotter.} Rc6 23. f3 Na5 24. Re2 Qa3 25. Bd3) 22... Qxc2 23. Bxc2 Rfd8 24. f3 {The position is equal.} Rd7 25. Bd3 Nb2 26. Bb5 Bc6 27. Ba6 Bb7 28. Bb5 Rf7 29. Bf1 Nc4 30. Bd3 Nb2 31. Bf1 Rff8 32. Rc2 Nc4 33. Bd3 Rf7 34. Rcc1 Rff8 35. Re2 Rf7 36. h3 Na3 37. Bd6 Nc4 38. Bg3 Rd7 39. Bf4 Rf7 40. Kh2 {Precision: White = 33%, Black = 46%.} 1/2-1/2

[Event "3rd GRENKE Chess Open 2018"]
[Site "Karlsruhe"]
[Date "2018.04.02"]
[Round "8"]
[White "Van Kerkhof, David"]
[Black "Ider, Borya"]
[Result "0-1"]
[WhiteElo "2324"]
[BlackElo "2505"]
[Annotator "TA"]
[PlyCount "114"]
[EventDate "2018.??.??"]
[EventType "swiss"]
[EventCountry "GER"]
[SourceTitle "playchess.com"]
[Source "ChessBase"]
[SourceQuality "1"]

{[%evp 21,114,0,0,-25,95,22,93,20,20,0,0,0,0,0,0,0,0,-8,-8,-12,16,0,0,0,0,-7,0,0,0,-9,0,-37,0,-20,-24,-27,-26,-31,32,0,129,0,0,0,36,57,124,131,118,69,112,121,120,98,133,91,125,106,104,-349,-352,-334,-341,-346,-342,-343,-310,-282,-267,-356,-356,-323,-312,-1158,-1135,-12818,-1351,-12822,-1370,-1354,-1013,-12831,-12833,-12833,-12834,-12837,-12838,-12845,-12846,-12846,-12847,-12848,-12847,-12848,-12848]} 1. e4 e6 2. d4 d5 3. Nc3 Nf6 4. e5 Ne4 5. Nxe4 dxe4 6. Be3 c5 7. dxc5 Nd7 8. Qg4 Qa5+ {C11: French: Classical System: 4 e5 and 4 Bg5 dxe4} 9. c3 Nxc5 10. Bxc5 Bxc5 11. Qxg7 Rf8 {LiveBook: 4 Games} 12. Qxh7 e3 $146 ({Don't play} 12... Qb6 $6 13. O-O-O $16) (12... Ba3 $11 13. Rb1 Bxb2 14. Rxb2 Qxc3+ 15. Rd2 Qc1+ 16. Ke2 Bd7 17. Qxe4 Bb5+ 18. Ke3 (18. Kf3 Bc6 $17) 18... Qc5+ 19. Qd4 Qxd4+ 20. Rxd4 Bxf1) ({Predecessor:} 12... Bd7 13. Qxe4 Qb6 14. O-O-O O-O-O 15. Qc4 Bc6 16. Rxd8+ Rxd8 {½-½ (24) Singer,C (2362)-Reschun,S (2244) Austria 2012}) 13. fxe3 ({White should play} 13. f4 $1 $16) 13... Bxe3 (13... Bd7 $1 $11) 14. Qe4 (14. Qd3 $16 Qb6 15. Rd1) 14... Qb6 $11 15. Bb5+ Qxb5 16. Qxe3 {Hoping for 0-0-0.} Qxb2 17. Rd1 Qxg2 {[#]} 18. Qd4 $1 {[%csl Gd1][%cal Rd4d8][%mdl 512]} Qd5 $1 19. Qxd5 exd5 20. Ne2 Bd7 21. Nf4 O-O-O 22. Kf2 Bc6 {next ...d4 is good for Black.} 23. Rhg1 Rh8 24. h3 Rde8 25. Rde1 Bd7 26. Re3 Be6 27. Rh1 Rh4 28. Kg3 Rh6 29. h4 Bd7 ({Better is} 29... Rg8+ $15 30. Kf3 Bg4+ 31. Kf2 Ra6) 30. h5 Ra6 (30... Rg8+ $11 31. Kf2 Rg5) 31. h6 (31. Nxd5 $16 Rg8+ 32. Kf3) 31... Rg8+ 32. Kf2 Rxa2+ 33. Re2 Ra4 (33... Rxe2+ $14 34. Kxe2 Be6) 34. Nxd5 $16 Rh8 35. Nf6 Bc6 36. Rh2 Rf4+ 37. Ke1 Bb5 38. Re3 {aiming for h7.} Rd8 {[%csl Gb5][%cal Rf4f1]} 39. c4 Bxc4 {[%csl Gc4][%cal Rf4f1] [#]} 40. Rf2 $2 {[%mdl 8192] [#]} (40. Rh1 $1 $16 {h7 is the strong threat.} Rfd4 41. Kf2) 40... Rh4 $1 $19 {[%cal Rh4h1] ( -> ...Rh1+)} 41. Rff3 {With the idea Rh3.} Rxh6 ({Don't do} 41... Rh1+ 42. Kf2 $19) 42. Ne4 Rh1+ 43. Kf2 Rf1+ 44. Kg3 Rxf3+ 45. Rxf3 {[%mdl 4096] Endgame and the idea Nd6+ leaves White hopeful. KRB-KRN} Bd5 46. Rc3+ Kd7 47. Kf4 $2 (47. Nc5+ Ke7 48. Ra3) 47... Bxe4 {Black is clearly winning.} 48. Kxe4 {KR-KR} Rc8 (48... Ke6 $142 49. Ra3 Ra8) 49. Rf3 Ke7 (49... Ke6 $142 50. Rf6+ Ke7) 50. Rb3 b6 51. Ra3 Rc7 52. Kd5 a5 {[%cal Ba7a5,Ba5a4,Ba4a3][%mdl 32]} 53. Rb3 a4 54. Rxb6 Ra7 55. Rb2 a3 56. Ra2 Ra4 57. Kc5 Ke6 {Precision: White = 25%, Black = 48%.} 0-1

[Event "3rd GRENKE Chess Open 2018"]
[Site "Karlsruhe"]
[Date "2018.04.02"]
[Round "8"]
[White "Nitin Shankar Madhu"]
[Black "Antal, Gergely"]
[Result "0-1"]
[WhiteElo "1902"]
[BlackElo "2540"]
[Annotator "TA"]
[PlyCount "72"]
[EventDate "2018.??.??"]
[EventType "swiss"]
[EventCountry "GER"]
[SourceTitle "playchess.com"]
[Source "ChessBase"]
[SourceQuality "1"]

{[%evp 17,72,2,4,-14,-23,-27,-27,0,-37,-15,-16,-20,-8,-12,0,-27,0,-43,-34,-76,0,0,109,115,102,0,0,-12,-5,-134,-127,-141,-147,-191,-218,-212,-67,-235,-118,-364,-334,-379,-363,-348,-329,-559,-454,-443,-447,-439,-439,-450,-431,-443,-445,-501,-497]} 1. e4 c5 2. Nf3 e6 3. d4 cxd4 4. Nxd4 Nc6 5. Nc3 Qc7 6. Be3 a6 7. Qf3 {B48: Sicilian: Taimanov: 5 Nc3 Qc7 6 Be3 a6 without Be2} (7. Qd2 Nf6 8. f4 Bb4 9. Bd3 Na5 10. a3 Bxc3 11. Qxc3 Qxc3+ 12. bxc3 d5 13. exd5 exd5 14. Nb3 Nc4 15. Bd4 Ne4 {1-0 (57) Carlsen,M (2834)-Matlakov,M (2718) Wijk aan Zee 2018}) 7... Ne5 8. Qg3 h5 9. Nf5 f6 {LiveBook: 3 Games} 10. Nxg7+ Kf7 11. Nxh5 $1 (11. f4 h4 $17) 11... Rxh5 12. f4 Nc4 13. Bxc4 Qxc4 14. O-O-O $1 b5 $146 ({Predecessor:} 14... Ne7) 15. f5 exf5 16. Qf3 Rh4 {[%cal Rf5e4]} 17. Rd4 Qc6 18. Qg3 Rg4 ({Black should try} 18... Rh8 $17 19. Rhd1 b4) 19. Qh3 $11 Qe6 {[#]} (19... Bc5 $11 {keeps the balance.} 20. Rd3 Bxe3+ 21. Rxe3 Kf8) 20. Nd5 $1 $16 {[%mdl 1024] White has strong compensation.} (20. exf5 $6 Qxe3+ 21. Qxe3 Bh6 $11) 20... Qe5 21. Qh5+ (21. Rhd1 $16 Ne7 22. Qh7+ Bg7 23. Qh5+ Kg8 24. Qe8+ Bf8 25. Bh6) 21... Kg7 $11 22. Rf1 d6 $1 {And now ...f4 would win.} 23. Nc7 {[#]} (23. Rf4 $11) 23... Bd7 $1 $17 24. Nxa8 {Strongly threatening Qh3.} f4 $36 {[%mdl 2048] Black is on the roll.} 25. Qh3 {Hoping for Bf2.} fxe3 26. Qxe3 Qc5 ({Don't play} 26... Qxh2 27. Qh3 $17) (26... Rxg2 27. Kb1) (26... Kh8 $19 {...Bh6 is the strong threat.} 27. Kb1 Bh6) 27. Qd2 $2 (27. Rd3 $15 Qxe3+ 28. Rxe3) 27... Be6 ({Black should play} 27... Qc6 $19 28. e5 Rxg2 29. exf6+ Nxf6) 28. Rf3 $2 (28. h3 $17 Rg5 29. Qc3) 28... Kf7 ({Not} 28... Bxa2 29. Rc3 $17) 29. Kb1 Qc6 30. h3 Rg6 ({Less strong is} 30... Rxe4 31. Rxe4 Qxe4 32. Nc7 $17) 31. e5 $2 (31. b3) 31... Qxa8 {Black is clearly winning.} 32. exd6 {[#]} Qxf3 $1 {[%mdl 512]} 33. gxf3 Rg1+ 34. Qd1 Rxd1+ 35. Rxd1 {Black should prevent d7.} Ke8 36. a4 Kd7 {Precision: White = 40%, Black = 62%.} 0-1